Statistics for Top 30 Active NBA Players that have been traded

Click here to take the quiz!

General Stats

  • This quiz has been taken 99 times
  • The average score is 18 of 30

Answer Stats

Rank. TeamsPlayer% Correct
1. SAS->TORKawhi Leonard
96%
3. NOH->LAC->HOU->OKL->PHOChris Paul
95%
12. OKL->HOU->BKN->PHIJames Harden
93%
6. IND->OKL->LACPaul George
91%
7. NOP->LALAnthony Davis
86%
4. CLE->BOSKyrie Irving
86%
5 TOR->SASDeMar DeRozan
84%
9. LAL->NOPBrandon Ingram
82%
2. MIN->PHIJimmy Butler
76%
16. OKL->HOU->WAS->LALRussell Westbrook
76%
8. MIN->CHIZach Lavine
73%
11. LAL->NOPLonzo Ball
72%
14. SAC->INDTyrese Haliburton
72%
18. POR->NOPC.J. McCollum
69%
10. LAC->OKLShai Gilgeous-Alexander
66%
13. BKN->CLEJarrett Allen
65%
22. MIN->GSWAndrew Wiggins
64%
19. PHI->NOP->MILJrue Holiday
61%
26. OKL->IND->SACDomantas Sabonis
59%
17. NYK->DAL->WASKristaps Porzingis
57%
15. DET->MILKhris Middleton
53%
30. HOU->ATLClint Capela
45%
21. MIL->ORL->DET->LAC->PHITobias Harris
43%
24. TOR->MEM->NOPJonas Valanciunas
38%
28. PHI->OKL->BOSAl Horford
35%
27. LAL->CLE->UTAJordan Clarkson
28%
29. CLE->HOUKevin Porter Jr.
28%
23. PHO->TOR/HOU->MILP.J. Tucker
26%
25. PHI->OKL->DENJerami Grant
16%
20. CHI->WASBobby Portis
15%

Score Distribution

Percentile by Number Answered

Percent of People with Each Score

Your Score History

You have not taken this quiz